000 00491nam a2200157 a 4500
001 000011430
005 20200929162441.0
008 091017s1987 cu a 001 0 spa d
040 _aDO-SdBNP
_bspa
_cBNPHU
082 _axxx
_bN964g
100 1 _aNuñez Jiménez, Antonio.
_94130
245 1 0 _aGeografía y espeología en revolución /
_cAntonio Nuñez Jiménez.
260 _aLa Habana, Cuba :
_bFuerzas Armadas Revolucionarias,
_c1987.
300 _a190 p. :
_bil. ;
_c20 cm.
049 _aBNPD
999 _c11132
_d11132